| 000 | 00655nam a22002057a 4500 | ||
|---|---|---|---|
| 999 |
_c10869 _d10869 |
||
| 003 | AR-CdUCM | ||
| 008 | 190329b ||||| |||| 00| 0 spa d | ||
| 040 |
_aMUNICIPALIDAD PROVINCIAL DEL CUSCO _cBIBLIOTECA MUNICIPAL DEL CUSCO |
||
| 082 |
_aES / 800 / _bY94 |
||
| 100 |
_aYunque Álvaro _915631 |
||
| 245 |
_aBarcos de Papel : _bCuentos de niños / |
||
| 260 |
_aArgentina : _bHemisferio ; _c1949. |
||
| 300 |
_a187 páginas ; _c20cm |
||
| 500 | _aEdición especial para Perú | ||
| 505 | _aContenido: Lecturas para primaria | ||
| 650 |
_aEducación primaria _91561 |
||
| 650 |
_aLecturas infantiles _927390 |
||
| 942 |
_2ddc _cLIBROS |
||
| 945 | _anom | ||